Report urges better safety (Record no. 71154)
[ view plain ]
| 000 -LEADER | |
|---|---|
| fixed length control field | 01117cam a2200217 4500 |
| 001 - CONTROL NUMBER | |
| control field | WB3834-03 |
| 008 - FIXED-LENGTH DATA ELEMENTS--GENERAL INFORMATION | |
| fixed length control field | 020917n2002 000 0 eng u |
| 035 ## - SYSTEM CONTROL NUMBER | |
| System control number | (Sirsi) u119705 |
| 245 ## - TITLE STATEMENT | |
| Title | Report urges better safety |
| 260 ## - PUBLICATION, DISTRIBUTION, ETC. | |
| Date of publication, distribution, etc. | 2002 |
| 490 ## - SERIES STATEMENT | |
| Series statement | Planning (for the Natural and Built Environment) |
| Volume/sequential designation | (1488) 13 September 2002, 2(1) |
| 520 ## - SUMMARY, ETC. | |
| Summary, etc. | Following the terrorist attacks on 11 September, the Institution of Structural Engineers has published a report on safety issues in tall/large buildings. The report recommends that tall buildings should be safer, stronger and simpler and be designed to withstand the loss of one structural element. "Safety in tall buildings" is available, priced £30, from the Institution of Structural Engineers, t +44(0)20 7235 4535. Further information at www.istructe.org.uk/publication/pubdetails.asp?pid=110 |
| 590 ## - LOCAL NOTE (RLIN) | |
| Local note | WB |
| 650 ## - SUBJECT ADDED ENTRY--TOPICAL TERM | |
| Topical term or geographic name entry element | INSTITUTION OF STRUCTURAL ENGINEERS |
| 650 ## - SUBJECT ADDED ENTRY--TOPICAL TERM | |
| Topical term or geographic name entry element | TALL BUILDINGS |
| 650 ## - SUBJECT ADDED ENTRY--TOPICAL TERM | |
| Topical term or geographic name entry element | SAFETY |
| 650 ## - SUBJECT ADDED ENTRY--TOPICAL TERM | |
| Topical term or geographic name entry element | TERRORISM |
| 650 ## - SUBJECT ADDED ENTRY--TOPICAL TERM | |
| Topical term or geographic name entry element | BUILT ENVIRONMENT-CONSTRUCTION DESIGN |
| 690 ## - LOCAL SUBJECT ADDED ENTRY--TOPICAL TERM (OCLC, RLIN) | |
| Topical term or geographic name as entry element | BUILT ENVIRONMENT-BUILDING STANDARDS |
| 942 ## - ADDED ENTRY ELEMENTS (KOHA) | |
| Suppress in OPAC | 0 |
| Withdrawn status | Lost status | Source of classification or shelving scheme | Damaged status | Not for loan | Home library | Current library | Shelving location | Date acquired | Total Checkouts | Full call number | Barcode | Date last seen | Copy number | Price effective from | Koha item type |
|---|---|---|---|---|---|---|---|---|---|---|---|---|---|---|---|
| Dewey Decimal Classification | London | London | News article | 17/09/2002 | WB3834-03 | 119705-1001 | 06/08/2019 | 1 | 06/08/2019 | News article |